BIBLIOTECA

SENCICO

Accesorios modernos para el hogar. 100 años de diseño (Registro nro. 1619)

Detalles MARC
000 -LEADER
fixed length control field 00945nam a2200289Ia 4500
005 - DATE AND TIME OF LATEST TRANSACTION
control field 20251020182517.0
008 - FIXED-LENGTH DATA ELEMENTS--GENERAL INFORMATION
fixed length control field 200515s9999 xx 000 0 und d
020 ## - INTERNATIONAL STANDARD BOOK NUMBER
International Standard Book Number 978-3-8480-0068-5
082 ## - DEWEY DECIMAL CLASSIFICATION NUMBER
Classification number 669.718/M41
100 ## - MAIN ENTRY--PERSONAL NAME
Personal name Mehlhose, Andrea
100 ## - MAIN ENTRY--PERSONAL NAME
Personal name Wellner, Martin
245 #0 - TITLE STATEMENT
Title Accesorios modernos para el hogar. 100 años de diseño
260 ## - PUBLICATION, DISTRIBUTION, ETC.
Place of publication, distribution, etc. Barcelona
260 ## - PUBLICATION, DISTRIBUTION, ETC.
Name of publisher, distributor, etc. Ullmann
260 ## - PUBLICATION, DISTRIBUTION, ETC.
Date of publication, distribution, etc. 2006
300 ## - PHYSICAL DESCRIPTION
Other physical details il., graf., fot., col.
500 ## - GENERAL NOTE
General note 1 ejemplar
520 ## - SUMMARY, ETC.
Summary, etc. Ofrece una retrospectiva que, partiendo del 2011, presenta la evolución y momentos cumbre del diseño de los últimos 100 años, desde las formas orgánicas más recientes hasta los inicios de la producción en serie. En esta obra se descubrirán unos 600 acceso
650 ## - SUBJECT ADDED ENTRY--TOPICAL TERM
Topical term or geographic name entry element ACCESORIOS
650 ## - SUBJECT ADDED ENTRY--TOPICAL TERM
Topical term or geographic name entry element ALFOMBRAS
650 ## - SUBJECT ADDED ENTRY--TOPICAL TERM
Topical term or geographic name entry element JARRONES
650 ## - SUBJECT ADDED ENTRY--TOPICAL TERM
Topical term or geographic name entry element LAMPARAS
650 ## - SUBJECT ADDED ENTRY--TOPICAL TERM
Topical term or geographic name entry element RELOJES
650 ## - SUBJECT ADDED ENTRY--TOPICAL TERM
Topical term or geographic name entry element VAJILLAS
942 ## - ADDED ENTRY ELEMENTS (KOHA)
Koha item type Libros
Existencias
Fecha de la última vez que lo usaron Pago total Signatura topográfica completa Código de barras Precio efectivo desde Tipo de documento Estado perdido Estado dañado No es para préstamo Retirado Ubicación permanente Ubicación actual Fecha de adquisición
15/05/2020   669.718/M41 Bib-Lima15051619 15/05/2020 Libros         Biblioteca Central Lima Biblioteca Central Lima 15/05/2020